Breves consideraciones acerca de la "medicina social" /
Guardado en:
| Hovedforfatter: | |
|---|---|
| Format: | Texto |
| Fag: | |
| Tags: |
Tilføj Tag
Ingen Tags, Vær først til at tagge denne postø!
|
MARC
| LEADER | 00000 a a2200000 04500 | ||
|---|---|---|---|
| 001 | 47525 | ||
| 003 | |||
| 040 | |||
| 090 | |a REV0857 6 (16) 1980 | ||
| 100 | |a Valdez, Rafael | ||
| 245 | |a Breves consideraciones acerca de la "medicina social" / |c Rafael Valdez | ||
| 650 | |a MEDICINA | ||
| 650 | |a SERVICIO DE SALUD | ||
| 650 | |a ASPECTOS SOCIALES | ||
| 650 | |a TRABAJADORES | ||
| 773 | |g volumen6, número16, mayo-agosto (1980) | ||
| 999 | |c 39914 |d 39914 | ||
